| 000 | 00497nam a2200193Ia 4500 | ||
|---|---|---|---|
| 999 |
_c16999 _d16999 |
||
| 082 | _aTS.0135 | ||
| 100 | _aSheel, S. | ||
| 245 | 0 | _aMetaphysical concept in the Rigveda | |
| 260 |
_c0 _bUniversity of Barda |
||
| 300 | _a394p. + C D - 53 | ||
| 650 | _aVEDANTA///RIGVEDA,THE | ||
| 650 | _aHINDUISM///RIGVEDA, THE | ||
| 650 | _aRIGVEDA, THE | ||
| 650 | _aMETAPHYSICS | ||
| 650 | _aVEDAS///RIGVEDA,THE | ||
| 650 | _aPHILOSOPHY///METAPHYSICS | ||
| 710 | _aJavadekar, A.G. | ||
| 942 |
_cTH _2ddc |
||